Cálculo infinitesimal : una y varias variables /
Guardado en:
| Autor Principal: | |
|---|---|
| Formato: | Libro |
| Idioma: | Spanish |
| Publicado: |
Madrid :
McGraw-Hill,
c1996.
|
| Etiquetas: |
Agregar Etiqueta
Sin Etiquetas, Sea el primero en etiquetar este registro!
|
| LEADER | 00561nam a22001575a 4500 | ||
|---|---|---|---|
| 001 | MAT.inmabb003218 | ||
| 008 | 051102s1996####sp#a#####b####001#0#spa#d | ||
| 005 | 20130219173843.0 | ||
| 245 | 1 | 0 | |a Cálculo infinitesimal : |b una y varias variables / |c Francisco Granero ; colaboradores: Antonio Galván Diez ... [et al.]. |
| 260 | |a Madrid : |b McGraw-Hill, |c c1996. | ||
| 300 | |a xvi, 740 p. : |b il. ; |c 24 cm. | ||
| 504 | |a Bibliografía: p. 731. | ||
| 020 | |a 8448117409 | ||
| 100 | 1 | |a Granero Rodríguez, Francisco. | |
| 084 | |a 26-01 |2 msc2000 | ||
| 859 | |h 26 |i G756 |p A-7343 |b BIB. MATEMATICA | ||
